<?xml version="1.0" encoding="UTF-8"?><?xml-stylesheet type="text/xsl" href="static/style.xsl"?><OAI-PMH xmlns="http://www.openarchives.org/OAI/2.0/" xmlns:xsi="http://www.w3.org/2001/XMLSchema-instance" xsi:schemaLocation="http://www.openarchives.org/OAI/2.0/ http://www.openarchives.org/OAI/2.0/OAI-PMH.xsd"><responseDate>2026-04-17T14:14:42Z</responseDate><request verb="GetRecord" identifier="oai:www.recercat.cat:10256/22265" metadataPrefix="marc">https://recercat.cat/oai/request</request><GetRecord><record><header><identifier>oai:recercat.cat:10256/22265</identifier><datestamp>2024-06-06T08:10:11Z</datestamp><setSpec>com_2072_452966</setSpec><setSpec>com_2072_2054</setSpec><setSpec>col_2072_452969</setSpec></header><metadata><record xmlns="http://www.loc.gov/MARC21/slim" xmlns:dcterms="http://purl.org/dc/terms/" xmlns:xsi="http://www.w3.org/2001/XMLSchema-instance" xmlns:doc="http://www.lyncode.com/xoai" xsi:schemaLocation="http://www.loc.gov/MARC21/slim http://www.loc.gov/standards/marcxml/schema/MARC21slim.xsd">
   <leader>00925njm 22002777a 4500</leader>
   <datafield ind2=" " ind1=" " tag="042">
      <subfield code="a">dc</subfield>
   </datafield>
   <datafield ind2=" " ind1=" " tag="720">
      <subfield code="a">El Bahri-El Kessisser, Imén</subfield>
      <subfield code="e">author</subfield>
   </datafield>
   <datafield ind2=" " ind1=" " tag="260">
      <subfield code="c">2022-06</subfield>
   </datafield>
   <datafield ind2=" " ind1=" " tag="520">
      <subfield code="a">The work focuses on the study of private space, and it proposes to analyze how the spatial configuration and architecture of domestic interiors can condition, and even exclude people of different cultural origins. To do this, the various housing models promoted by the state will be studied, and in this way, we can be able to decipher the patterns and forms of family that promote the current legislation on housing. The question I want to answer is whether the housing model or models that are currently being promoted are discriminatory, and what alternatives we can find that are more inclusive and respectful of the family and social dynamics of immigrant groups, focusing above all on North African cultures.</subfield>
   </datafield>
   <datafield ind2=" " ind1=" " tag="520">
      <subfield code="a">El trabajo se focaliza en el estudio del espacio privado y propone analizar cómo la configuración espacial y arquitectónica de los interiores domésticos puede condicionar e incluso llegar a excluir a personas de diferentes orígenes culturales. Para ello, se estudiarán los modelos de vivienda pública que promociona el estado para de esta forma descifrar los patrones y formas de familia que promueve la actual legislación en materia de vivienda. La pregunta a responder es si el o los modelos de vivienda que se impulsan actualmente son discriminatorios, y qué alternativas más inclusivas y respetuosas con las dinámicas familiares y sociales de los colectivos inmigrantes podrían ofrecerse, focalizando sobre todo en la emigración procedentes de culturas norteafricanas.</subfield>
   </datafield>
   <datafield ind1="8" ind2=" " tag="024">
      <subfield code="a">http://hdl.handle.net/10256/22265</subfield>
   </datafield>
   <datafield tag="653" ind2=" " ind1=" ">
      <subfield code="a">Engineering design</subfield>
   </datafield>
   <datafield tag="653" ind2=" " ind1=" ">
      <subfield code="a">Enginyeria -- Disseny</subfield>
   </datafield>
   <datafield tag="653" ind2=" " ind1=" ">
      <subfield code="a">Interior architecture</subfield>
   </datafield>
   <datafield tag="653" ind2=" " ind1=" ">
      <subfield code="a">Arquitectura interior</subfield>
   </datafield>
   <datafield tag="653" ind2=" " ind1=" ">
      <subfield code="a">Sociology, Urban</subfield>
   </datafield>
   <datafield tag="653" ind2=" " ind1=" ">
      <subfield code="a">Sociologia urbana</subfield>
   </datafield>
   <datafield ind2="0" ind1="0" tag="245">
      <subfield code="a">Viviendas discriminatorias: La búsqueda de la inclusividad intercultural en la vivienda = Discriminatory housing : The search for intercultural inclusivity in housing</subfield>
   </datafield>
</record></metadata></record></GetRecord></OAI-PMH>